000 00564cam a22001814a 4500
005 20250605164405.0
008 250528s ||||||||||||||||||||||||d
035 _a24767
040 _aGR-AtMCL
_bgre
_dGR-AtMCL
_eAACR2
245 1 _aFast Forward to the Digital Future
260 _bInternational Airport Review,
_c2022
300 _a48
520 _aAirports' Cybersecurity Post-COVID, Two Tickets to a Digital Future at YYC, Building on the Successes of 2022.
700 1 _aMiles Holly
_99494
942 _cCR
999 _c9618
_d9618